000 00656nam a2200253Ia 4500
008 170203s9999 xx 000 0 und d
020 _a0-590675028
050 _aFic
050 _bB877i
100 _aBrowne, Anthony.
245 _aI like books /
245 _cAnthony Browne.
260 _aNew York :
260 _bScholastic, Inc.,
260 _c©1988.
300 _a21 unnumbered pages :
300 _bcolor illustrations ;
300 _c20 cm
500 _aReprint: originally published: New York : Knopf, ©1998.
650 _aBooks and reading --
650 _aChimpanzees --
650 _xFiction.
650 _xFiction.
999 _c306503
_d306503